Bezpečná autentizácia certifikátom verejného kľúča

Saved in:
Bibliographic Details
Main Author: Blahovič, Adam (Author)
Other Authors: Hudec, Ladislav (Thesis advisor)
Format: Manuscript Book
Language:Slovak
Published: 2022
Subjects:
Online Access:http://is.stuba.sk/zp/portal_zp.pl?podrobnosti=148153
Tags: Add Tag
No Tags, Be the first to tag this record!

MARC

LEADER 00000ntm a22000003a 4500
001 stuzp88126
003 SK-STU
005 20220625211137.1
007 ta
008 150427s2015----xo-----f-mn---000-0-slo-d
040 |a STU  |b slo 
041 0 |a slo 
100 1 |a Blahovič, Adam  |u 070400  |4 aut  |U FIIT Fakulta informatiky a informačných technológií  |T FIIT Ústav počítačového inžinierstva a aplikovanej informatiky  |X 96673  |U I400  |Y 672  |7 96673 
242 0 1 |a Secure authentication with public key certificate  |y eng 
245 1 0 |a Bezpečná autentizácia certifikátom verejného kľúča 
260 |c 2022 
650 4 |a Verejný kľúč  |2 slo 
650 4 |a Digitálny certifikát  |2 slo 
650 4 |a Certifikačná autorita  |2 slo 
650 4 |a Infraštruktúra verejného kľúča  |2 slo 
650 4 |a Digitálny certifikát  |2 slo 
650 4 |a Public key  |2 eng 
650 4 |a Digital certificate  |2 eng 
650 4 |a Certificate authority  |2 eng 
650 4 |a Public key infrastructure  |2 eng 
650 4 |a Digital certificate  |2 eng 
700 1 |a Hudec, Ladislav  |u 070400  |k Z1  |4 ths  |U FIIT Fakulta informatiky a informačných technológií  |T FIIT Ústav počítačového inžinierstva a aplikovanej informatiky  |X 2081  |U I400  |Y 672  |7 2081 
856 4 |u http://is.stuba.sk/zp/portal_zp.pl?podrobnosti=148153